| 000 | 00578nam a2200181Ia 4500 | ||
|---|---|---|---|
| 008 | 090124s9999 xx 000 0 und d | ||
| 082 | _b34028 | ||
| 100 | _aदर्शने सारंग | ||
| 245 | _a मीरा आणि महात्मा | ||
| 250 | _a1 | ||
| 260 |
_bककर सुधीर _c2007 |
||
| 300 | _a222 | ||
| 600 | _aदर्शने सारंग | ||
| 630 | _a मीरा आणि महात्मा | ||
| 700 | _aदर्शने सारंग | ||
| 730 | _a मीरा आणि महात्मा | ||
| 942 | _cBOOK | ||
| 999 |
_c195309 _d195309 |
||